|
|
|
|
| LEADER |
00843pam a22002538a 4500 |
| 001 |
00024931 |
| 005 |
20171026081022.0 |
| 008 |
110726s2007 ||||||viesd |
| 041 |
0 |
# |
|a vie
|
| 082 |
1 |
4 |
|a 160
|b L450G
|
| 100 |
1 |
# |
|a Vương Tất Đạt
|
| 245 |
1 |
0 |
|a Lôgic học đại cương
|c Vương Tất Đạt
|
| 250 |
# |
# |
|a Ấn bản mới nhất - có sửa chữa bổ sung
|
| 260 |
# |
# |
|a H.
|b Thế giới
|c 2007
|
| 300 |
# |
# |
|a 223tr.
|b hình vẽ
|c 20 cm.
|
| 650 |
# |
4 |
|a Giáo trình
|
| 650 |
# |
4 |
|a Lôgic học
|
| 852 |
# |
# |
|b Kho giáo trình
|j KGT.0035388
|
| 852 |
# |
# |
|b Kho mượn
|j KM.0014566
|
| 852 |
# |
# |
|b Kho đọc
|j KD.0010188
|
| 852 |
# |
# |
|j KD.0010188
|j KM.0014566
|
| 910 |
0 |
# |
|a Ntuyet
|d 26/07/2011
|
| 980 |
# |
# |
|a Trung tâm Học liệu Lê Vũ Hùng, Trường Đại học Đồng Tháp
|